| 000 | 00518nam a2200181 a 4500 | ||
|---|---|---|---|
| 001 | 1896 | ||
| 005 | 20140414132013.0 | ||
| 008 | 020417s19uu xx 00 eng d | ||
| 020 | _a971-08-3554-8 | ||
| 050 |
_aTR _bAT8 1981 |
||
| 100 | _aRaabe, Janis Asad | ||
| 245 |
_aAt the pond / _cby Janis Asad Raabe ; illustrated by Frederick Cross. |
||
| 260 |
_aPhilippines : _bNational Book Store, _c1981. |
||
| 300 | _a8 p. ; cm. | ||
| 440 | _aPrimary readers set 3, Blends | ||
| 650 | _aFinal blends. | ||
| 999 |
_c113324 _d113324 |
||